• 首页
  • 本馆介绍
  • 公告通知
  • 最新文献
  • 馆藏检索
  • 电子资源
  • 读者导购
  • 参考咨询
  • 我的图书馆
  • 登录
  • 详细信息显示
  • 放入我的书架
  • 预约/预借图书
  • 作者相关作品
  • 分类相关作品
  • 丛书相关作品
  • 出版社相关作品

书目信息

  • 表格格式
  • 工作单格式
  • 卡片格式
题名:
印度文明
    
 
作者: 冯慧娟 编
分册:  
出版信息: 长春   吉林出版集团有限责任公司  2019
页数: 157页
开本: 22cm
丛书名: 全民阅读·经典小丛书
单 册:
中图分类: K351.03
科图分类:
主题词: 文化史--Wen Hua Shi--印度--通俗读物
电子资源:
ISBN: 978-7-5534-7785-5
000 00991nam 2200265 45
001 012001011527
005 20141121174823.0
010    @a978-7-5534-7785-5@dCNY32.00
099    @aCAL 012016068417
100    @a20151222d2015 em y0chiy50 ea
101 0  @achi
102    @aCN@b220000
105    @aa z 000yy
106    @ar
200 1  @a印度文明@AYin Du Wen Ming@f冯慧娟编
210    @a长春@c吉林出版集团有限责任公司@d2019
215    @a157页@c图@d22cm
225 2  @a全民阅读·经典小丛书@AQuan Min Yue Du·Jing Dian Xiao Cong Shu@v081
330    @a本书主要内容包括:神奇的印度半岛——地理钩沉、逝去的辉煌——文明寻踪、权力的角逐——王朝风云、文明的烙印——语言文字、雅利安人的颂歌——神话与史诗、深沉的缪斯之歌——古典文学、永生的灵魂——宗教等。
410  0 @12001@a全民阅读·经典小丛书@v081
606 0  @a文化史@AWen Hua Shi@y印度@j通俗读物
690    @aK351.03@v5
701  0 @a冯慧娟@AFeng Hui Juan@4编
801  2 @aCN@b上海新华@c20191020
905    @b1183546-9@dK351.03@e25@f4
    
    印度文明/冯慧娟编.-长春:吉林出版集团有限责任公司,2019
    157页:图;22cm.-(全民阅读·经典小丛书;081)
    
    
    ISBN 978-7-5534-7785-5:CNY32.00
    本书主要内容包括:神奇的印度半岛——地理钩沉、逝去的辉煌——文明寻踪、权力的角逐——王朝风云、文明的烙印——语言文字、雅利安人的颂歌——神话与史诗、深沉的缪斯之歌——古典文学、永生的灵魂——宗教等。
●
相关链接 在E读中查询图书 在五车中查询图书 在当当中查询图书 在豆瓣中查询图书


正题名:印度文明     索取号:K351.03/25         预约/预借

序号 登录号 条形码 馆藏地/架位号 状态 备注
1 1183546   211835460   第二样本阅览室/ [索取号:K351.03/25] 在馆    
2 1183547   211835479   第二借阅区/ [索取号:K351.03/25] 在馆    
3 1183548   211835488   第二借阅区/ [索取号:K351.03/25] 在馆    
4 1183549   211835497   第二借阅区/ [索取号:K351.03/25] 在馆    
唐山师范学院图书馆 欢迎您!
大连网信软件有限公司© 版权所有